000 00704nam a2200217Ia 4500
003 GCL
005 20240530102253.0
008 140319s9999 xx 000 0 ara d
040 _aGCL /
_cGCL
082 0 4 _a371.2
_bم ا
100 1 _aمحمد منير مرسى
245 1 0 _aالادارة التعليمية :
_cمحمد منير مرسى
_bاصولها وتطبيقاتها /
260 _a[S.N] :
_bعالم الكتب الحديث ،
_c1993
300 _a368 ص ؛
_c 24 سم.
650 0 4 _aالتعليم
650 0 4 _aتنظيم وادارة
650 0 4 _aالمدارس
650 0 4 _aالجامعات والكليات
650 0 4 _aالادارة التعليمية
942 _2ddc
_cBK
999 _c31049
_d31049